Peter Fox - Alles Neu (Lyrics) - Statistiken

Allgemein
  • Dieses Quiz wurde 1.919 mal gespielt
  • Das Durchschnittsergebnis liegt bei 228 aus 360
Antwortstatistiken
Lyrics % Korrekt
'n
98%
all
97%
Ich
97%
ich
97%
alles
96%
Alles
96%
'ne
95%
neu
93%
die
92%
Die
92%
mein
90%
Mein
90%
meinen
90%
schön
89%
wie
88%
ein
84%
hab'
84%
mir
84%
Mir
84%
so
84%
Bin
83%
bin
83%
das
83%
im
83%
was
81%
je
80%
und
80%
Asche
79%
Koks
79%
los
79%
meine
79%
Peter
79%
Ja
78%
lass
78%
lass'
78%
Leben
78%
Studio
78%
verbrenn'
78%
Goldfisch
77%
Hof
77%
ihn
77%
ist
77%
Toast
77%
vergrab'
77%
1.1
76%
Fox
76%
schnupfe
76%
altes
75%
Fleisch
75%
glänzt
75%
jetzt
75%
schmeckt
75%
feinstes
74%
mach
74%
will
74%
zu
73%
Brat'
72%
erschlag'
72%
kocht
72%
Bude
71%
hoch
71%
sie
71%
jag'
70%
Update
70%
den
69%
für
69%
nicht
69%
Prachtsteak
69%
wenn
69%
Hey
68%
dir
67%
doch
67%
Welt
67%
auf
66%
habe
66%
in
66%
labbriger
66%
gefällt
64%
klein
62%
seh'
62%
wenn's
62%
wo's
62%
mit
60%
Abrissbirne
58%
deutsche
58%
neue
58%
Teich
58%
aus
57%
geh'
55%
Hai
55%
hingeht
55%
kaufe
55%
'nem
55%
Szene
55%
weissen
55%
Zähne
55%
Bagger
54%
Boxen
54%
sehen
54%
Staub
54%
Berlin
53%
frischer
53%
nagelneue
53%
oben
53%
Pläne
53%
poliert
53%
weht
53%
weil
53%
Wind
53%
alten
52%
bedeckt
52%
der
52%
feiern
52%
Gewachst
52%
Berg
51%
Dreck
51%
Bein
50%
dann
50%
mich
50%
Steig'
50%
Steig
50%
hau'
49%
Kräne
49%
Sachen
49%
Sack
49%
Sirene
49%
teure
49%
verrotten
49%
Baumaschinen
48%
muss
48%
nackt
48%
shoppen
48%
Walzen
48%
auch
47%
drück'
47%
gedoped
47%
Reihe
47%
Klamotten
46%
Stürze
46%
Beisser
45%
euphorisiert
45%
meinen
45%
Axt
44%
ins
44%
Seele
44%
haben
43%
satt
43%
sein
43%
wächst
43%
abshaken
42%
Motte
42%
Mann
41%
massieren
41%
Nein
41%
oder
41%
Schach
41%
wieder
41%
eure
40%
glotzen
40%
nie
40%
Weltmeister
40%
baue
39%
beim
39%
kiffen
39%
mehr
39%
Sollte
39%
Bräute
38%
jeden
38%
gib
37%
Kopf
37%
Nur
37%
Satz
37%
schöne
37%
sich
37%
Bässe
36%
lügen
36%
noch
36%
Hier
35%
hier
35%
komplett
35%
verändern
35%
Larifari
34%
besser
33%
Boxentürme
33%
durchtrainiert
33%
Faxen
33%
konkret
33%
platzt
33%
reden
33%
Schluss
33%
viel
33%
des
32%
Kerngesund
32%
Männer
32%
renoviert
32%
Land
31%
als
30%
Atmen
30%
Luft
30%
mächtigen
30%
schwer
30%
Volkes
30%
zum
30%
fällt
29%
gewollt
29%
kommen
29%
raus
29%
vielleicht
29%
Wände
29%
Glück
28%
näher
28%
treffe
28%
retten
27%
Bereit
25%
Bye
25%
such'
24%
Zwing'
24%
Knopf
23%
spielt
22%
verrückt
22%
verbraucht
21%
Banken
20%
Sender
19%
Bono
18%
Lämmer
18%
Schafe
18%
zitternde
16%
Keine übereinstimmenden Quizze gefunden
Verteilung der Resultate
Anzahl Personen mit jedem Resultat
Perzentil nach korrekt beantworteten Fragen
Ihre Resultats-Entwicklung
Sie haben dieses Quiz noch nicht gespielt